000 00568nam a2200229Ia 4500
003 OSt
005 20220924133120.0
006 a|||||r|||| 00| 0
007 ta
008 220923b |||||||| |||| 00| 0 ara d
024 _a257791
037 _cTextual
040 _aARTS
_cARTS
_bara
041 _2ara
_aara
082 _aO28.3x, G2
100 _aIbne Ameer Au.
_9205695
245 0 _aTaqreer-o-tehreer
260 _c1932
650 _aARABIC FICTION
_964594
942 _hO28.3x, G2
_cTEXL
_2CC
999 _c432689
_d432689